| 000 | 00717nam a22002057a 4500 | ||
|---|---|---|---|
| 005 | 2010081102582.0 | ||
| 010 | _aENG-99799 | ||
| 020 |
_a9788189433239 _c400.00 |
||
| 035 | _aEN-83331 | ||
| 037 | _bDBAD/PUB | ||
| 082 | _a921 | ||
| 100 |
_aPrakash Kumar Singh _915614 |
||
| 245 |
_aB.R. Ambedkar / _cby Prakash Kumar Singh |
||
| 260 |
_aDelhi _bCalibore Publishers _c2010 |
||
| 270 |
_aL-45, IInd Floor, Street No. 5 Shivaji Marg, Kartar Nagar _bDelhi _e110053 |
||
| 300 |
_a208p. _c21cm (Hb) |
||
| 490 |
_aThe builder of Modern India _915615 |
||
| 942 |
_2ddc _cEN _h921 _mAMB |
||
| 999 |
_c41147 _d41147 |
||